[Event "Znojmo Rotunda op-A"]
[Site "Znojmo"]
[Date "2023.08.23"]
[Round "5"]
[White "Policar, Martin"]
[Black "Keprt, Pavel"]
[Result "1/2-1/2"]
[WhiteElo "1587"]
[BlackElo "1904"]
[PlyCount "65"]
[EventDate "2023.08.19"]
[EventType "swiss"]
[EventRounds "9"]
[EventCountry "CZE"]
[SourceTitle "EXT 2024"]
[Source "ChessBase"]
[SourceDate "2023.10.10"]
[SourceVersion "1"]
[SourceVersionDate "2023.10.10"]
[SourceQuality "1"]

1. d4 e6 2. Nf3 f5 3. g3 Nf6 4. Bg2 d5 5. c4 c6 6. b3 a5 7. 0-0 Bd6 8. Ba3 0-0 9. Bxd6 Qxd6 10. Ne5 Nbd7 11. Nxd7 Bxd7 12. Nd2 Be8 13. Nf3 Nd7 14. e3 Bh5 15. Qd2 Bxf3 16. Bxf3 Nf6 17. Qe2 Qe7 18. Bg2 g5 19. f4 g4 20. Kf2 Kg7 21. Rh1 h5 22. h4 gxh3 23. Rxh3 Ng4+ 24. Kg1 Rh8 25. Bf3 Qb4 26. Bxg4 hxg4 27. Rxh8 Rxh8 28. Qc2 Rh3 29. Kg2 Qf8 30. Rh1 Qh8 31. Qc1 b6 32. cxd5 exd5 33. Qxc6 1/2-1/2

[Event "Ceske Budejovice op-A"]
[Site "Ceske Budejovice"]
[Date "2023.07.04"]
[Round "4"]
[White "Policar, Martin"]
[Black "Lai, Hong Jun"]
[Result "0-1"]
[WhiteElo "1561"]
[BlackElo "1803"]
[PlyCount "83"]
[EventDate "2023.07.01"]
[EventType "swiss"]
[EventRounds "9"]
[EventCountry "CZE"]
[SourceTitle "CBM 215 Extra"]
[Source "ChessBase"]
[SourceDate "2023.09.30"]
[SourceVersion "1"]
[SourceVersionDate "2023.09.30"]
[SourceQuality "1"]

1. d4 d5 2. c4 e6 3. g3 dxc4 4. Nc3 a6 5. Bg2 Nf6 6. Qa4+ Nbd7 7. Qxc4 Be7 8. Bf4 c6 9. e4 0-0 10. Nge2 Ra7 11. Rc1 b5 12. Qd3 Bb7 13. e5 Nd5 14. Nxd5 cxd5 15. h4 b4 16. g4 a5 17. Qg3 Re8 18. g5 Nf8 19. h5 g6 20. hxg6 fxg6 21. Bf3 Ba6 22. Kf1 a4 23. Kg2 Bc4 24. Rh6 Bxa2 25. Rch1 b3 26. Qh4 Bb4 27. Bh5 gxh5 28. Qxh5 Ree7 29. g6 Rg7 30. Bg5 Nxg6 31. Rxg6 Rxg6 32. Qxg6+ hxg6 33. Bxd8 a3 34. Bf6 axb2 35. Rh8+ Kf7 36. Nf4 b1Q 37. Nh3 g5 38. Nxg5+ Kg6 39. Nxe6 Rh7 40. Nf4+ Kf5 41. Rxh7 Kxf4 42. Rg7 0-1

[Event "Ceske Budejovice op-A"]
[Site "Ceske Budejovice"]
[Date "2023.07.02"]
[Round "2"]
[White "Policar, Martin"]
[Black "Navratil, Jiri"]
[Result "0-1"]
[WhiteElo "1561"]
[BlackElo "1904"]
[PlyCount "60"]
[EventDate "2023.07.01"]
[EventType "swiss"]
[EventRounds "9"]
[EventCountry "CZE"]
[SourceTitle "CBM 215 Extra"]
[Source "ChessBase"]
[SourceDate "2023.09.30"]
[SourceVersion "1"]
[SourceVersionDate "2023.09.30"]
[SourceQuality "1"]

1. d4 d5 2. c4 e6 3. g3 c6 4. Bg2 Nd7 5. Nf3 Be7 6. Nc3 f5 7. 0-0 Ngf6 8. e3 0-0 9. b3 Ne4 10. Nxe4 fxe4 11. Nd2 e5 12. Bb2 Bf6 13. f3 exf3 14. Nxf3 e4 15. Nd2 Bg5 16. Qe2 Nf6 17. h3 Be6 18. Rac1 Qd6 19. Kh2 Bh4 20. Qe1 Nh5 21. Rxf8+ Rxf8 22. Nf1 Rxf1 23. Qxf1 Qxg3+ 24. Kh1 Qxe3 25. Kh2 Bg3+ 26. Kh1 Bf4 27. Qe1 Ng3+ 28. Kh2 Ne2+ 29. Kh1 Nxc1 30. Qa5 h6 0-1

[Event "Ceske Budejovice op-A"]
[Site "Ceske Budejovice"]
[Date "2023.07.01"]
[Round "1"]
[White "Bartos, Vaclav1111"]
[Black "Policar, Martin"]
[Result "1-0"]
[WhiteElo "2019"]
[BlackElo "1561"]
[PlyCount "101"]
[EventDate "2023.07.01"]
[EventType "swiss"]
[EventRounds "9"]
[EventCountry "CZE"]
[SourceTitle "CBM 215 Extra"]
[Source "ChessBase"]
[SourceDate "2023.09.30"]
[SourceVersion "1"]
[SourceVersionDate "2023.09.30"]
[SourceQuality "1"]

1. c4 Nf6 2. Nf3 c5 3. g3 Nc6 4. Bg2 g6 5. 0-0 Bg7 6. Nc3 d5 7. cxd5 Nxd5 8. a3 0-0 9. e4 Nxc3 10. dxc3 b6 11. Qe2 e6 12. Bg5 f6 13. Rad1 Qe7 14. Be3 Bb7 15. b4 cxb4 16. cxb4 Rfd8 17. Qc4 Rac8 18. Qb3 Kh8 19. Bh3 Rxd1 20. Rxd1 Nd8 21. Nd4 Bxe4 22. Nxe6 Nxe6 23. Qxe6 Qxe6 24. Bxe6 Re8 25. Bf7 Rf8 26. Rd7 Ra8 27. Kf1 Bf3 28. Ke1 Bg4 29. Rc7 Rd8 30. f3 Bxf3 31. Rxa7 b5 32. Kf2 Be4 33. a4 bxa4 34. Rxa4 Bd3 35. Ra7 Rb8 36. Bc5 Bf8 37. Ke3 Bf1 38. Bd5 Bh6+ 39. Kd4 Bg7 40. Bd6 f5+ 41. Rxg7 Rxb4+ 42. Bxb4 Kxg7 43. Ke5 Bd3 44. Bd2 h6 45. h4 g5 46. hxg5 h5 47. Bc6 Kf8 48. Kf6 Bc2 49. Bd5 h4 50. gxh4 f4 51. Bxf4 1-0

[Event "CZE-ch U12"]
[Site "Teplice"]
[Date "2023.03.17"]
[Round "8"]
[White "Sochor, Antonin"]
[Black "Policar, Martin"]
[Result "1-0"]
[WhiteElo "1574"]
[BlackElo "1552"]
[PlyCount "149"]
[EventDate "2023.03.11"]
[EventType "swiss"]
[EventRounds "9"]
[EventCountry "CZE"]
[SourceTitle "CBM 213 Extra"]
[Source "ChessBase"]
[SourceDate "2023.05.31"]
[SourceVersion "1"]
[SourceVersionDate "2023.05.31"]
[SourceQuality "1"]

1. e4 Nf6 2. Nc3 e5 3. g3 Bb4 4. Bg2 Nc6 5. Nge2 d6 6. 0-0 Be6 7. h3 Qd7 8. Kh2 d5 9. exd5 Nxd5 10. d3 h5 11. h4 f6 12. a3 Bxc3 13. bxc3 g5 14. c4 Nde7 15. Rb1 0-0-0 16. Be3 gxh4 17. gxh4 Nf5 18. Rxb7 Nxe3 19. fxe3 Kxb7 20. Qb1+ Kc8 21. Qb5 Rdg8 22. Bxc6 Qe7 23. Rb1 Kd8 24. Qb8+ Bc8 25. Rb5 Qg7 26. Rd5+ Ke7 27. Qxc7+ Ke6 28. Rd6+ Kf5 29. Be4+ Kg4 30. Qa5 Kxh4 31. Qe1+ Kg5 32. Qg3+ Bg4 33. Ng1 Kh6 34. Qxe5 Rf8 35. Qg3 Qg5 36. Nh3 h4 37. Qf4 Bxh3 38. Kxh3 Rf7 39. Qxg5+ Kxg5 40. Rd5+ f5 41. Bf3 Rg8 42. c5 Kf6 43. Rd6+ Ke7 44. Bd5 Rg3+ 45. Kxh4 Rg4+ 46. Kh5 Rh7+ 47. Rh6 Rhg7 48. Re6+ Kd7 49. c6+ Kc7 50. Rf6 Rh7+ 51. Rh6 Rhg7 52. Rf6 Rh7+ 53. Rh6 Rxh6+ 54. Kxh6 f4 55. exf4 Rxf4 56. Be4 Rf2 57. c4 Ra2 58. Kg5 Rxa3 59. Kf5 Ra1 60. Ke5 a5 61. d4 Rc1 62. Kd5 a4 63. Kc5 a3 64. d5 Rd1 65. Bc2 Rd2 66. Bb1 a2 67. d6+ Kb8 68. c7+ Ka7 69. Bxa2 Rxa2 70. c8Q Ra6 71. Qxa6+ Kxa6 72. d7 Kb7 73. d8Q Ka7 74. Kc6 Ka6 75. Qa8# 1-0

[Event "CZE-ch U12"]
[Site "Teplice"]
[Date "2023.03.13"]
[Round "3"]
[White "Policar, Martin"]
[Black "Kroulik, Vaclav"]
[Result "1/2-1/2"]
[WhiteElo "1552"]
[BlackElo "1772"]
[PlyCount "74"]
[EventDate "2023.03.11"]
[EventType "swiss"]
[EventRounds "9"]
[EventCountry "CZE"]
[SourceTitle "CBM 213 Extra"]
[Source "ChessBase"]
[SourceDate "2023.05.31"]
[SourceVersion "1"]
[SourceVersionDate "2023.05.31"]
[SourceQuality "1"]

1. Nf3 c5 2. c4 g6 3. g3 Bg7 4. Bg2 Nc6 5. Nc3 d6 6. 0-0 e5 7. d3 Nge7 8. e4 0-0 9. Bd2 f5 10. Nh4 f4 11. gxf4 exf4 12. Nf3 Bg4 13. Ne2 Bxf3 14. Bxf3 g5 15. Bc3 Bxc3 16. bxc3 Ne5 17. Nc1 Qd7 18. Kh1 Kh8 19. Rg1 Rg8 20. Bg4 Nxg4 21. Qxg4 Qxg4 22. Rxg4 h5 23. Rg1 Nc6 24. Nb3 Ne5 25. Rad1 Rg6 26. h3 Rag8 27. d4 cxd4 28. Nxd4 Nxc4 29. Nf5 Re8 30. Rd4 b5 31. a4 a6 32. axb5 axb5 33. Rgd1 Ree6 34. Rb1 Re5 35. Rbd1 Ree6 36. Rb1 Re5 37. Rbd1 Ree6 1/2-1/2

[Event "CZE-ch U12"]
[Site "Teplice"]
[Date "2023.03.12"]
[Round "2"]
[White "Mik, Tomas"]
[Black "Policar, Martin"]
[Result "0-1"]
[WhiteElo "1911"]
[BlackElo "1552"]
[PlyCount "78"]
[EventDate "2023.03.11"]
[EventType "swiss"]
[EventRounds "9"]
[EventCountry "CZE"]
[SourceTitle "CBM 213 Extra"]
[Source "ChessBase"]
[SourceDate "2023.05.31"]
[SourceVersion "1"]
[SourceVersionDate "2023.05.31"]
[SourceQuality "1"]

1. Nc3 e5 2. e4 Nf6 3. Nf3 Bb4 4. Bc4 0-0 5. 0-0 d6 6. d3 Be6 7. Bxe6 fxe6 8. Ne2 Nbd7 9. Ng3 d5 10. c3 Bd6 11. Re1 c6 12. Be3 Ng4 13. Bg5 Qb6 14. Qc2 h6 15. Bc1 Bc5 16. Re2 d4 17. h3 Ngf6 18. cxd4 exd4 19. Qc4 Rfe8 20. b3 Kh7 21. Bb2 e5 22. Rf1 Qb4 23. Qc2 Nf8 24. a3 Qb5 25. Ree1 Ng6 26. Ne2 Nh5 27. g3 Bf8 28. Kh2 Qc5 29. Qd1 Nf6 30. Bc1 Rad8 31. Rg1 Nxe4 32. b4 Nxf2 33. bxc5 Nxd1 34. Rxd1 Bxc5 35. Bb2 e4 36. dxe4 Rxe4 37. Nexd4 Bxd4 38. Rxd4 Ne5 39. Rxd8 Re2+ 0-1

[Event "CZE-ch U12"]
[Site "Teplice"]
[Date "2023.03.11"]
[Round "1"]
[White "Policar, Martin"]
[Black "Kupka, Alexandr"]
[Result "1-0"]
[WhiteElo "1552"]
[BlackElo "1220"]
[PlyCount "95"]
[EventDate "2023.03.11"]
[EventType "swiss"]
[EventRounds "9"]
[EventCountry "CZE"]
[SourceTitle "CBM 213 Extra"]
[Source "ChessBase"]
[SourceDate "2023.05.31"]
[SourceVersion "1"]
[SourceVersionDate "2023.05.31"]
[SourceQuality "1"]

1. e4 e5 2. Nf3 Nc6 3. Bb5 a6 4. Bxc6 dxc6 5. d4 exd4 6. Qxd4 Qxd4 7. Nxd4 Nf6 8. 0-0 Bc5 9. c3 0-0 10. e5 Nd5 11. Nb3 Ba7 12. Bd2 Be6 13. Na3 Rfd8 14. Nc2 Nb4 15. Nxb4 Bxb3 16. Bg5 Bc4 17. Bxd8 Bxf1 18. Bxc7 Rc8 19. Kxf1 Rxc7 20. Rd1 h6 21. Rd8+ Kh7 22. Ke2 Re7 23. f4 g5 24. g3 f6 25. Nd3 Bg1 26. Kf1 Bxh2 27. exf6 Rf7 28. Kg2 Bxg3 29. Kxg3 gxf4+ 30. Nxf4 Rxf6 31. Rd7+ Kg8 32. Rxb7 Rd6 33. Kf3 Rf6 34. Ke4 Kf8 35. Ke5 Rf7 36. Rxf7+ Kxf7 37. b4 Ke7 38. a4 Kd7 39. c4 Kc7 40. Ke6 c5 41. b5 Kb7 42. Kd6 Kb6 43. bxa6 Ka7 44. Kxc5 Kb8 45. Kb6 Ka8 46. a7 h5 47. Nd5 h4 48. Nc7# 1-0

[Event "EU Union-ch U10"]
[Site "Pec pod Snezkou"]
[Date "2022.08.30"]
[Round "9"]
[White "Policar, Martin"]
[Black "Beniosev, Daniel"]
[Result "0-1"]
[WhiteElo "1461"]
[BlackElo "1403"]
[PlyCount "60"]
[EventDate "2022.08.22"]
[EventType "swiss"]
[EventRounds "9"]
[EventCountry "CZE"]
[SourceTitle "EXT 2023"]
[Source "ChessBase"]
[SourceDate "2022.10.05"]
[SourceVersion "1"]
[SourceVersionDate "2022.10.05"]
[SourceQuality "1"]

1. e4 c5 2. Be2 e6 3. d3 Nc6 4. f4 d6 5. Nf3 g6 6. 0-0 Bg7 7. c3 Nge7 8. Be3 0-0 9. Nbd2 Rb8 10. d4 cxd4 11. Nxd4 a6 12. N2f3 f5 13. exf5 Nxf5 14. Nxf5 gxf5 15. Nd4 Ne7 16. Qb3 Nd5 17. Bf2 Nxf4 18. Bxa6 Qc7 19. Bc4 d5 20. Bb5 e5 21. Bg3 Nh5 22. Qxd5+ Kh8 23. Ne2 Nxg3 24. Nxg3 f4 25. Ne4 Bf5 26. Qd6 Qa5 27. Ng5 Qxb5 28. Nf7+ Kg8 29. Ng5 Rbd8 30. Qa3 h6 0-1

[Event "EU Union-ch U10"]
[Site "Pec pod Snezkou"]
[Date "2022.08.25"]
[Round "4"]
[White "Broz, Pavel1111"]
[Black "Policar, Martin"]
[Result "0-1"]
[WhiteElo "1066"]
[BlackElo "1461"]
[PlyCount "52"]
[EventDate "2022.08.22"]
[EventType "swiss"]
[EventRounds "9"]
[EventCountry "CZE"]
[SourceTitle "EXT 2023"]
[Source "ChessBase"]
[SourceDate "2022.10.05"]
[SourceVersion "1"]
[SourceVersionDate "2022.10.05"]
[SourceQuality "1"]

1. e4 c6 2. d4 d5 3. e5 Bf5 4. Nf3 e6 5. Bd3 Bxd3 6. cxd3 Nd7 7. 0-0 Be7 8. Nbd2 Nh6 9. Re1 Bb4 10. a3 Ba5 11. b4 Bb6 12. a4 Nf5 13. Nb3 0-0 14. Nc5 Bxc5 15. dxc5 Nh4 16. Re3 Nxf3+ 17. Rxf3 Nxe5 18. Rh3 Qf6 19. Qh5 Qf5 20. Qh4 Nxd3 21. Be3 Ne5 22. Bd4 f6 23. Re1 h6 24. Bxe5 fxe5 25. Rhe3 e4 26. Rg3 Qxf2+ 0-1

[Event "Ceske Budejovice op-B"]
[Site "Ceske Budejovice"]
[Date "2022.07.03"]
[Round "3"]
[White "Policar, Martin"]
[Black "Slonek, Richard"]
[Result "1-0"]
[WhiteElo "1341"]
[BlackElo "1077"]
[PlyCount "73"]
[EventDate "2022.07.01"]
[EventType "swiss"]
[EventRounds "9"]
[EventCountry "CZE"]
[SourceTitle "EXT 2023"]
[Source "ChessBase"]
[SourceDate "2022.10.05"]
[SourceVersion "1"]
[SourceVersionDate "2022.10.05"]
[SourceQuality "1"]

1. e4 e5 2. f4 Nc6 3. Nf3 exf4 4. Bc4 Bc5 5. d4 Bb4+ 6. c3 Ba5 7. Bxf4 d6 8. d5 Nce7 9. 0-0 Nf6 10. e5 dxe5 11. Bxe5 0-0 12. Bxf6 gxf6 13. Nh4 Ng6 14. Nxg6 fxg6 15. Nd2 Re8 16. Nf3 Re4 17. Qd3 Bf5 18. Bb3 Rg4 19. Qd2 Be4 20. h3 Qd7 21. hxg4 Qxg4 22. Kf2 Bb6+ 23. Ke1 Qg3+ 24. Kd1 Bxf3+ 25. gxf3 Re8 26. d6+ Kg7 27. d7 Rd8 28. Kc2 Qe5 29. Rad1 Qf5+ 30. Kc1 Qb5 31. Rfe1 Rxd7 32. Qxd7+ Qxd7 33. Rxd7+ Kh6 34. Rh1+ Kg5 35. Kd2 Kf4 36. Rh4+ Kf5 37. Rd5+ 1-0

[Event "CZE-chT U12"]
[Site "Jihlava"]
[Date "2022.06.12"]
[Round "9.2"]
[White "Stor, Jakub"]
[Black "Policar, Martin"]
[Result "0-1"]
[WhiteElo "1103"]
[BlackElo "1313"]
[PlyCount "68"]
[EventDate "2022.06.10"]
[EventType "team-swiss"]
[EventRounds "9"]
[EventCountry "CZE"]
[SourceTitle "CBM 209 Extra"]
[Source "ChessBase"]
[SourceDate "2022.09.30"]
[SourceVersion "1"]
[SourceVersionDate "2022.09.30"]
[SourceQuality "1"]
[WhiteTeam "Sachy Stepan U12"]
[BlackTeam "Namest nad Oslavou U12"]
[WhiteTeamCountry "CZE"]
[BlackTeamCountry "CZE"]

1. d4 d5 2. c4 e6 3. Nc3 c5 4. e3 Nf6 5. b3 Nc6 6. Nf3 Be7 7. Be2 0-0 8. 0-0 b6 9. Bb2 a6 10. Re1 Qc7 11. Qd2 Rd8 12. Bd1 Ne4 13. Nxe4 dxe4 14. Qc3 exf3 15. d5 Bf6 16. Qc2 Nb4 17. Qd2 Bxb2 18. Rb1 Be5 19. g3 exd5 20. Bxf3 dxc4 21. Qe2 Bb7 22. Bg4 Be4 23. f4 Bxb1 24. Rxb1 Bc3 25. Bf5 Rd2 26. Qh5 g6 27. Qg4 Qb7 28. Qh3 gxf5 29. Rc1 Qf3 30. Rf1 Qxe3+ 31. Kh1 Qe4+ 32. Kg1 Bd4+ 33. Rf2 Bxf2+ 34. Kf1 Qh1# 0-1

[Event "CZE-chT U12"]
[Site "Jihlava"]
[Date "2022.06.11"]
[Round "4.2"]
[White "Macho, Michal"]
[Black "Policar, Martin"]
[Result "0-1"]
[WhiteElo "1203"]
[BlackElo "1313"]
[PlyCount "74"]
[EventDate "2022.06.10"]
[EventType "team-swiss"]
[EventRounds "9"]
[EventCountry "CZE"]
[SourceTitle "CBM 209 Extra"]
[Source "ChessBase"]
[SourceDate "2022.09.30"]
[SourceVersion "1"]
[SourceVersionDate "2022.09.30"]
[SourceQuality "1"]
[WhiteTeam "Plzen Sokol U12"]
[BlackTeam "Namest nad Oslavou U12"]
[WhiteTeamCountry "CZE"]
[BlackTeamCountry "CZE"]

1. d4 d5 2. Nf3 e6 3. c4 c5 4. Nc3 Nc6 5. Bf4 dxc4 6. e3 cxd4 7. Nxd4 Nxd4 8. Qxd4 Qxd4 9. exd4 Bb4 10. Bxc4 Bd7 11. Bd2 Ne7 12. 0-0 0-0 13. a3 Ba5 14. b4 Bb6 15. Be3 Nf5 16. Rad1 Nxe3 17. fxe3 Rac8 18. Na4 Bxa4 19. Rc1 Rxc4 20. Rxc4 Bb5 21. Rfc1 Bxc4 22. Rxc4 f6 23. a4 Rf7 24. a5 Rc7 25. Rxc7 Bxc7 26. Kf2 a6 27. Ke2 Bd6 28. Kd3 Bxb4 29. Kc4 Bxa5 30. Kc5 b5 31. Kd6 b4 32. Kxe6 b3 33. d5 b2 34. d6 b1Q 35. e4 Qxe4+ 36. Kd7 Kf7 37. g4 Qe8# 0-1

[Event "CZE-chT U12"]
[Site "Jihlava"]
[Date "2022.06.11"]
[Round "6.2"]
[White "Policar, Martin"]
[Black "Stefaniv, Vladislav"]
[Result "0-1"]
[WhiteElo "1313"]
[BlackElo "1258"]
[PlyCount "68"]
[EventDate "2022.06.10"]
[EventType "team-swiss"]
[EventRounds "9"]
[EventCountry "CZE"]
[SourceTitle "CBM 209 Extra"]
[Source "ChessBase"]
[SourceDate "2022.09.30"]
[SourceVersion "1"]
[SourceVersionDate "2022.09.30"]
[SourceQuality "1"]
[WhiteTeam "Namest nad Oslavou U12"]
[BlackTeam "Lysa nad Labem U12"]
[WhiteTeamCountry "CZE"]
[BlackTeamCountry "CZE"]

1. e4 e6 2. d4 d5 3. exd5 exd5 4. c4 Bb4+ 5. Bd2 Bxd2+ 6. Qxd2 Nf6 7. Nc3 0-0 8. Nf3 Nc6 9. Be2 Re8 10. 0-0 Be6 11. b3 a6 12. Rfe1 Qd6 13. Rad1 Rad8 14. Bf1 Bg4 15. Be2 Be6 16. h3 h6 17. Bf1 Bd7 18. c5 Qf8 19. Rxe8 Rxe8 20. Re1 Rxe1 21. Qxe1 Qe8 22. Qxe8+ Bxe8 23. Ne5 Nxd4 24. f3 Ne6 25. c6 bxc6 26. Bxa6 Kf8 27. Kf2 Ke7 28. Ke3 Kd6 29. Nd3 d4+ 30. Kd2 dxc3+ 31. Kxc3 Nc5 32. Nxc5 Kxc5 33. Bc4 Nd5+ 34. Kb2 f6 0-1

[Event "CZE-chT U12"]
[Site "Jihlava"]
[Date "2022.06.10"]
[Round "1.2"]
[White "Policar, Martin"]
[Black "Hulva, Denny"]
[Result "1/2-1/2"]
[WhiteElo "1313"]
[BlackElo "1195"]
[PlyCount "45"]
[EventDate "2022.06.10"]
[EventType "team-swiss"]
[EventRounds "9"]
[EventCountry "CZE"]
[SourceTitle "CBM 209 Extra"]
[Source "ChessBase"]
[SourceDate "2022.09.30"]
[SourceVersion "1"]
[SourceVersionDate "2022.09.30"]
[SourceQuality "1"]
[WhiteTeam "Namest nad Oslavou U12"]
[BlackTeam "Opava Slezan U12"]
[WhiteTeamCountry "CZE"]
[BlackTeamCountry "CZE"]

1. e4 c5 2. Nc3 e6 3. Nf3 Nc6 4. d4 cxd4 5. Nxd4 Bb4 6. Nxc6 bxc6 7. Qf3 Qf6 8. Bd2 Qxf3 9. gxf3 Ne7 10. 0-0-0 d5 11. exd5 exd5 12. Bd3 g6 13. a3 Ba5 14. Rde1 Be6 15. Ba6 Rb8 16. b4 Bb6 17. Nd1 Nf5 18. Bf4 Rd8 19. Bg5 Rb8 20. Bf4 Rd8 21. Bg5 Rb8 22. Bf4 Rd8 23. Bg5 1/2-1/2

[Event "CZE-ch U10"]
[Site "Luhacovice"]
[Date "2022.03.19"]
[Round "9"]
[White "Zrust, Lukas"]
[Black "Policar, Martin"]
[Result "0-1"]
[WhiteElo "1159"]
[BlackElo "1551"]
[PlyCount "40"]
[EventDate "2022.03.12"]
[EventType "swiss"]
[EventRounds "9"]
[EventCountry "CZE"]
[SourceTitle "EXT 2023"]
[Source "ChessBase"]
[SourceDate "2022.10.05"]
[SourceVersion "1"]
[SourceVersionDate "2022.10.05"]
[SourceQuality "1"]

1. e4 e5 2. Nf3 Nc6 3. d4 exd4 4. Nxd4 Nf6 5. Nc3 Bb4 6. Nxc6 bxc6 7. Bd3 d5 8. 0-0 0-0 9. Bg5 Qd6 10. a3 Ba5 11. b4 Bb6 12. h3 Bd4 13. Bd2 dxe4 14. Bc4 Bxh3 15. Kh1 Ng4 16. g3 Bxf1 17. Qxf1 e3 18. Bxe3 Bxe3 19. fxe3 Qh6+ 20. Kg2 Nxe3+ 0-1

[Event "CZE-ch U10"]
[Site "Luhacovice"]
[Date "2022.03.17"]
[Round "7"]
[White "Sudrich, Radek1111"]
[Black "Policar, Martin"]
[Result "0-1"]
[WhiteElo "2061"]
[BlackElo "1551"]
[PlyCount "72"]
[EventDate "2022.03.12"]
[EventType "swiss"]
[EventRounds "9"]
[EventCountry "CZE"]
[SourceTitle "EXT 2023"]
[Source "ChessBase"]
[SourceDate "2022.10.05"]
[SourceVersion "1"]
[SourceVersionDate "2022.10.05"]
[SourceQuality "1"]

1. e4 c5 2. Nf3 Nf6 3. Nc3 d5 4. exd5 Nxd5 5. Bc4 Nxc3 6. dxc3 Qxd1+ 7. Kxd1 Bg4 8. Ke2 Nd7 9. Be3 e5 10. h3 Bh5 11. g4 Bg6 12. Kd2 0-0-0 13. Rad1 Nb6+ 14. Bd3 e4 15. Ke2 exd3+ 16. cxd3 Nd5 17. h4 Nxe3 18. fxe3 h6 19. h5 Bh7 20. e4 Bd6 21. g5 Bf4 22. gxh6 Bxh6 23. Ne5 Rhf8 24. Rhf1 f6 25. Ng4 Rde8 26. Ne3 Bxe3 27. Kxe3 Re5 28. Rh1 Rfe8 29. h6 g5 30. Rhg1 c4 31. Rdf1 cxd3 32. Rxf6 Rxe4+ 33. Kd2 Re2+ 34. Kd1 d2 35. Rxg5 Re1+ 36. Kxd2 R8e2# 0-1

[Event "CZE-ch U10"]
[Site "Luhacovice"]
[Date "2022.03.14"]
[Round "4"]
[White "Policar, Martin"]
[Black "Bara, Jan"]
[Result "0-1"]
[WhiteElo "1551"]
[BlackElo "1360"]
[PlyCount "102"]
[EventDate "2022.03.12"]
[EventType "swiss"]
[EventRounds "9"]
[EventCountry "CZE"]
[SourceTitle "EXT 2023"]
[Source "ChessBase"]
[SourceDate "2022.10.05"]
[SourceVersion "1"]
[SourceVersionDate "2022.10.05"]
[SourceQuality "1"]

1. d4 Nf6 2. c4 g6 3. Nc3 d5 4. Qa4+ Bd7 5. Qb3 dxc4 6. Qxc4 Bg7 7. e4 0-0 8. Nf3 Na6 9. Bf4 Rc8 10. Bd3 c5 11. 0-0 Bg4 12. Ne2 Bxf3 13. gxf3 Nh5 14. d5 Nxf4 15. Nxf4 Bxb2 16. Rab1 Be5 17. Ne2 Nb4 18. f4 Bg7 19. a3 Nxd3 20. Qxd3 c4 21. Qc2 Qd7 22. f3 b5 23. Nc3 a6 24. e5 Qa7+ 25. Qf2 Qxf2+ 26. Rxf2 Bh6 27. Ne2 Rfd8 28. Rd1 c3 29. Rd4 Rc5 30. Rf1 Rcxd5 31. Rxd5 Rxd5 32. Nxc3 Rd3 33. Nb1 Bxf4 34. e6 fxe6 35. Kg2 Rb3 36. Kh3 Rb2 37. Kg4 Bd6 38. Nc3 h5+ 39. Kh4 Rxh2+ 40. Kg5 Kg7 41. f4 Rg2+ 42. Kh4 Rg4+ 43. Kh3 Rxf4 44. Rc1 Rg4 45. Ne2 Re4 46. Nc3 Re3+ 47. Kh4 Kh6 48. Rg1 Rxc3 49. a4 Bf4 50. Rxg6+ Kxg6 51. axb5 Bg5# 0-1

[Event "Prague op-B 20th"]
[Site "Prague"]
[Date "2022.01.14"]
[Round "9"]
[White "Spreer, Lutz"]
[Black "Policar, Martin"]
[Result "0-1"]
[WhiteElo "1600"]
[BlackElo "1388"]
[PlyCount "136"]
[EventDate "2022.01.07"]
[EventType "swiss"]
[EventRounds "9"]
[EventCountry "CZE"]
[SourceTitle "CBM 206 Extra"]
[Source "ChessBase"]
[SourceDate "2022.03.31"]
[SourceVersion "1"]
[SourceVersionDate "2022.03.31"]
[SourceQuality "1"]

1. e4 c5 2. Nc3 e6 3. f4 d5 4. Bb5+ Bd7 5. e5 Nc6 6. Nf3 Nge7 7. 0-0 Nf5 8. d3 Be7 9. Bxc6 Bxc6 10. Kh1 h5 11. Ng5 g6 12. a4 Kf8 13. Qe2 Kg7 14. b3 h4 15. Qg4 Bxg5 16. fxg5 Rh5 17. Ne2 Qh8 18. Nf4 Rh7 19. Kg1 d4 20. h3 Qd8 21. Bd2 Ng3 22. Rf2 Nh5 23. Raf1 Nxf4 24. Rxf4 Kg8 25. Rf6 Qd5 26. Bf4 a6 27. Rf2 b5 28. a5 Qd8 29. Bd2 b4 30. Rxe6 fxe6 31. Qxe6+ Kh8 32. Qxc6 Qc8 33. Qxg6 Raa7 34. e6 Rae7 35. Qf6+ Rhg7 36. g6 Qxe6 37. Qf8+ Qg8 38. Bg5 Re1+ 39. Kh2 Rxg6 40. Bf6+ Kh7 41. Qxg8+ Kxg8 42. Bxh4 Rge6 43. Rf5 R1e5 44. Rf4 Re2 45. Rg4+ Kf7 46. Rg5 Rxc2 47. Bg3 Rc6 48. Bf4 Rc3 49. Rf5+ Kg6 50. Rg5+ Kf7 51. Be5 Rxd3 52. Rg7+ Ke6 53. Rg6+ Kd5 54. Rg5 Rxb3 55. Bb8+ Kc4 56. h4 Re3 57. h5 b3 58. Bf4 b2 59. Rg6 Rxg6 60. hxg6 b1Q 61. Bxe3 dxe3 62. g4 e2 63. g7 Qh7+ 64. Kg3 e1Q+ 65. Kf4 Qee4+ 66. Kg3 Qxg7 67. Kf2 Qf6+ 68. Kg3 Qef3+ 0-1

[Event "EU-ch Hybrid U10"]
[Site "Tornelo INT"]
[Date "2021.10.15"]
[Round "5"]
[White "Nalbandian, David"]
[Black "Policar, Martin"]
[Result "1/2-1/2"]
[WhiteElo "1058"]
[BlackElo "1340"]
[PlyCount "91"]
[EventDate "2021.10.15"]
[EventType "swiss"]
[EventRounds "9"]
[EventCountry "NET"]
[SourceTitle "EXT 2023"]
[Source "ChessBase"]
[SourceDate "2022.10.05"]
[SourceVersion "1"]
[SourceVersionDate "2022.10.05"]
[SourceQuality "1"]
[WhiteTeam "Russia"]
[BlackTeam "Czech Republic"]
[WhiteTeamCountry "RUS"]
[BlackTeamCountry "CZE"]

1. e4 Nf6 2. Nc3 e5 3. f4 d5 4. fxe5 Nxe4 5. Nxe4 dxe4 6. d3 Nc6 7. Bf4 Bf5 8. Qd2 exd3 9. Bxd3 Bb4 10. c3 Bxc3 11. Qxc3 Qxd3 12. Qxd3 Bxd3 13. 0-0-0 0-0-0 14. Nf3 Be4 15. Rhe1 Bxf3 16. gxf3 Rxd1+ 17. Rxd1 Re8 18. Rg1 Nd4 19. Rg2 f6 20. Rxg7 Ne2+ 21. Kd2 Nxf4 22. exf6 Rf8 23. f7 Kd7 24. Ke3 Ne6 25. Rxh7 Ng5 26. Rg7 Nxf7 27. h4 Ke7 28. Kf4 Kf6 29. Rg4 Ne5 30. Rg5 Ke6+ 31. Ke4 Rxf3 32. Rxe5+ Kf6 33. Kxf3 Kxe5 34. h5 Kf5 35. Ke3 Kg5 36. Ke4 Kxh5 37. Ke5 Kg5 38. Ke6 Kf4 39. Kd7 c5 40. Kd6 b6 41. a4 Ke4 42. Kc7 Kd5 43. Kb7 c4 44. Kxa7 Kc6 45. Ka6 Kc5 46. a5 1/2-1/2

[Event "EU-ch Hybrid U10"]
[Site "Tornelo INT"]
[Date "2021.10.15"]
[Round "6"]
[White "Policar, Martin"]
[Black "Wallinger, Nikolaus"]
[Result "0-1"]
[WhiteElo "1340"]
[BlackElo "1245"]
[PlyCount "54"]
[EventDate "2021.10.15"]
[EventType "swiss"]
[EventRounds "9"]
[EventCountry "NET"]
[SourceTitle "EXT 2023"]
[Source "ChessBase"]
[SourceDate "2022.10.05"]
[SourceVersion "1"]
[SourceVersionDate "2022.10.05"]
[SourceQuality "1"]
[WhiteTeam "Czech Republic"]
[BlackTeam "Austria"]
[WhiteTeamCountry "CZE"]
[BlackTeamCountry "AUT"]

1. e4 c5 2. d4 e6 3. Nf3 cxd4 4. Nxd4 a6 5. Bc4 b5 6. Bb3 Bb7 7. f3 Bc5 8. Be3 Qb6 9. Qe2 Bxd4 10. Bxd4 Qxd4 11. Nc3 Nc6 12. Rd1 Qc5 13. f4 Nge7 14. h4 Rd8 15. g4 Nd4 16. Qd3 Nxb3 17. cxb3 Qc6 18. Rh2 b4 19. Ne2 Qxe4 20. Qg3 Qf3 21. Qg1 Nd5 22. f5 Nf4 23. Nxf4 Qxf4 24. Rf2 Qe4+ 25. Re2 Qh1 26. Qxh1 Bxh1 27. g5 Bf3 0-1